[Event "Eesti U10"]
[Site "Narva"]
[Date "2019.05.31"]
[Round "2.5"]
[White "Vija, Mattias"]
[Black "Snitsarenko, Ilja"]
[Result "0-1"]
[WhiteElo "1145"]
[BlackElo "1379"]
[PlyCount "112"]
[EventDate "2019.05.31"]
[EventRounds "7"]
[EventCountry "EST"]
[SourceVersionDate "2019.11.26"]

1. e4 c5 2. Nf3 e6 3. d4 cxd4 4. Nxd4 a6 5. Nc3 Nc6 6. Bc4 b5 7. Bd3 Nxd4 8.
O-O Nc6 9. Re1 Qc7 10. g3 Nf6 11. f4 Bc5+ 12. Be3 Qa7 13. Qf3 Bb7 14. Qf2 Ng4
15. Bxc5 Nxf2 16. Bxa7 Nxd3 17. cxd3 Rxa7 18. f5 Nd4 19. Red1 exf5 20. exf5
Nf3+ 21. Kg2 Nh4+ 22. Kf2 Nxf5 23. Re1+ Kd8 24. Ne4 Re8 25. g4 Nd4 26. Rac1 Bd5
27. b3 Rc7 28. Nd6 Rxe1 29. Rxe1 Ne6 30. Nxf7+ Kc8 31. Nd6+ Kb8 32. Ke3 Rc6 33.
Nf7 Nc7 34. Ne5 Re6 35. d4 d6 36. Kd3 dxe5 37. dxe5 g5 38. a4 bxa4 39. bxa4 a5
40. Kd4 Bb3 41. Rb1 Rb6 42. Kc5 Kb7 43. h3 Na8 44. e6 Bxa4 45. Rxb6+ Nxb6 46.
Kd6 Bc6 47. Ke7 a4 48. Kf7 a3 49. Kg7 a2 50. Kh6 a1=Q 51. e7 Qf6+ 52. Kxh7 Nd7
53. e8=Q Nf8+ 54. Kg8 Bd5+ 55. Qf7+ Qxf7+ 56. Kh8 Qg8# 0-1

[Event "Eesti U10"]
[Site "Narva"]
[Date "2019.06.01"]
[Round "3.5"]
[White "Gorkov, Kirill"]
[Black "Gasanbekov, Miroslav"]
[Result "1-0"]
[WhiteElo "1057"]
[BlackElo "1400"]
[PlyCount "119"]
[EventDate "2019.05.31"]
[EventRounds "7"]
[EventCountry "EST"]
[SourceVersionDate "2019.11.26"]

1. e4 e5 2. Nf3 Nc6 3. Bc4 Bc5 4. d3 h6 5. O-O Nf6 6. h3 O-O 7. Nc3 d6 8. Be3
Re8 9. Qd2 Bxe3 10. fxe3 Be6 11. Bb3 Qd7 12. Qf2 Bxb3 13. axb3 Qe6 14. Qg3 Qe7
15. Nh4 Nh5 16. Qg4 Qg5 17. Qxg5 hxg5 18. Nf3 f6 19. Nd5 Rec8 20. g4 Ng3 21.
Rf2 Kf7 22. Rg2 Nxe4 23. dxe4 Nd8 24. Rf2 c6 25. Nc3 Ne6 26. Rd1 Rd8 27. Rfd2
Ke7 28. h4 gxh4 29. Nxh4 Ng5 30. Ng6+ Kf7 31. Nh4 Ke7 32. Kg2 b5 33. Nf5+ Kf7
34. Nxd6+ Kg6 35. Nf5 Rxd2+ 36. Rxd2 b4 37. Na4 Nxe4 38. Rd7 Rg8 39. Ne7+ Kf7
40. Nxg8+ Kxg8 41. Rxa7 Kh7 42. Rc7 Kg6 43. Rxc6 Kg5 44. Rc4 f5 45. gxf5 Kxf5
46. Rxb4 g5 47. Rxe4 Kxe4 48. Kf2 g4 49. Nc5+ Kf5 50. b4 Kf6 51. b5 Ke7 52. b6
Kd6 53. b7 Kc7 54. Kg3 e4 55. Kxg4 Kb8 56. Kf4 Kc7 57. Kxe4 Kb8 58. Kf5 Kc7 59.
e4 Kb8 60. e5 1-0

[Event "Eesti U10"]
[Site "Narva"]
[Date "2019.06.02"]
[Round "7.4"]
[White "Martirosjan, Tigran"]
[Black "Rajandu, Aaron"]
[Result "0-1"]
[WhiteElo "1435"]
[BlackElo "1248"]
[PlyCount "58"]
[EventDate "2019.05.31"]
[EventRounds "7"]
[EventCountry "EST"]
[SourceVersionDate "2019.11.26"]

1. e4 e5 2. Bc4 Nf6 3. d3 Bc5 4. Nf3 Nc6 5. Bg5 h6 6. Bxf6 Qxf6 7. Nc3 d6 8.
Nd5 Qd8 9. h3 Nd4 10. c3 Nc6 11. Qd2 Be6 12. O-O-O Qd7 13. d4 Bxd5 14. Bxd5 Bb6
15. Qc2 O-O 16. dxe5 dxe5 17. Bc4 Qe7 18. g4 Qf6 19. Nd2 Qxf2 20. Rdf1 Qg3 21.
Be2 Qe3 22. Rf3 Qxe2 23. Rff1 Rad8 24. Rd1 Be3 25. h4 Bxd2+ 26. Rxd2 Rxd2 27.
Qxd2 Qxg4 28. Rh2 Rd8 29. Qc2 Qg1+ 0-1

[Event "Eesti U10 (n)"]
[Site "Narva"]
[Date "2019.05.31"]
[Round "2.1"]
[White "Haapsal, Maria Ioanna"]
[Black "Kuzmina, Oleksandra"]
[Result "1-0"]
[WhiteElo "1492"]
[BlackElo "1180"]
[PlyCount "41"]
[EventDate "2019.05.31"]
[EventRounds "7"]
[EventCountry "EST"]
[SourceVersionDate "2019.11.26"]

1. e4 e5 2. Nf3 Nf6 3. Nxe5 Bd6 4. Nc4 Nxe4 5. Qe2 Qe7 6. Nxd6+ Nxd6 7. Qxe7+
Kxe7 8. Nc3 Nc6 9. Nd5+ Kd8 10. d3 Ne7 11. Nxe7 Kxe7 12. Bf4 Re8 13. O-O-O h6
14. g3 g5 15. Re1+ Kd8 16. Rxe8+ Nxe8 17. Be3 Nf6 18. Bg2 Ng4 19. Bd4 h5 20.
Re1 Nxh2 21. Bf6# 1-0

[Event "Eesti U10 (n)"]
[Site "Narva"]
[Date "2019.06.01"]
[Round "3.1"]
[White "Rodina, Alisa"]
[Black "Haapsal, Maria Ioanna"]
[Result "1/2-1/2"]
[WhiteElo "1233"]
[BlackElo "1492"]
[PlyCount "66"]
[EventDate "2019.05.31"]
[EventRounds "7"]
[EventCountry "EST"]
[SourceVersionDate "2019.11.26"]

1. e4 c5 2. Nf3 e6 3. Bc4 a6 4. Nc3 b5 5. Bd3 Bb7 6. O-O d6 7. b3 Nf6 8. Bb2 b4
9. Ne2 Bxe4 10. Bxf6 Qxf6 11. Bxe4 d5 12. Bd3 e5 13. c4 e4 14. Bxe4 dxe4 15.
Ne1 Bd6 16. Nc2 Nd7 17. Ne3 Nb6 18. d4 exd3 19. Qxd3 O-O 20. Nf5 Bc7 21. Neg3
Bxg3 22. Nxg3 Rfe8 23. Nh5 Qg5 24. Ng3 Rad8 25. Qf3 Qg6 26. Rfe1 h6 27. h3 a5
28. Qh5 Qf6 29. Qxc5 Rxe1+ 30. Rxe1 Ra8 31. Re5 Nd7 32. Qd5 Nb6 33. Qb5 Nd7
1/2-1/2

[Event "Eesti U10 (n)"]
[Site "Narva"]
[Date "2019.06.01"]
[Round "3.2"]
[White "Rudiger, Maria"]
[Black "Orlova, Sofia"]
[Result "1-0"]
[WhiteElo "1000"]
[BlackElo "1283"]
[PlyCount "73"]
[EventDate "2019.05.31"]
[EventRounds "7"]
[EventCountry "EST"]
[SourceVersionDate "2019.11.26"]

1. e4 c5 2. Nf3 e6 3. d4 cxd4 4. Nxd4 d6 5. Be2 Nf6 6. Be3 Nxe4 7. f3 Nf6 8.
Nc3 a6 9. Qd2 Be7 10. O-O-O Bd7 11. Kb1 Nc6 12. g4 b5 13. h4 b4 14. Na4 Nxd4
15. Bxd4 Bxa4 16. b3 Bd7 17. Qxb4 d5 18. Qd2 Ba3 19. g5 Nh5 20. f4 Ng3 21. Rhe1
Nxe2 22. Rxe2 Rg8 23. f5 Kf8 24. f6 g6 25. Qe3 Rc8 26. Qd3 Bb5 27. c4 Bc6 28.
Qe3 Bb7 29. Bb6 Qd6 30. cxd5 Bc5 31. Bxc5 Qxc5 32. Qxc5+ Rxc5 33. dxe6 Rc7 34.
e7+ Rxe7 35. Rxe7 Bc6 36. Rd8+ Be8 37. Rdxe8# 1-0

[Event "Eesti U10 (n)"]
[Site "Narva"]
[Date "2019.06.01"]
[Round "3.3"]
[White "Pritulina, Nadezhda"]
[Black "Kamp, Laura"]
[Result "1-0"]
[WhiteElo "1291"]
[BlackElo "1168"]
[PlyCount "77"]
[EventDate "2019.05.31"]
[EventRounds "7"]
[EventCountry "EST"]
[SourceVersionDate "2019.11.26"]

1. e4 c5 2. Nf3 e6 3. d4 cxd4 4. Nxd4 Nc6 5. Nc3 Bb4 6. Nxc6 bxc6 7. Bd2 Bxc3
8. Bxc3 Nf6 9. Bd3 d5 10. exd5 cxd5 11. Bb5+ Bd7 12. Bxd7+ Nxd7 13. O-O O-O 14.
Qd4 f6 15. Rfe1 Re8 16. Qg4 e5 17. Bd2 g6 18. Kh1 Rc8 19. Rac1 Kh8 20. Qa4 Ra8
21. Qb5 Nb6 22. Qc6 Rc8 23. Qb5 Qd7 24. Qa5 Nc4 25. Qb4 Rb8 26. Qc3 Rxb2 27.
Ra1 Reb8 28. Qd3 e4 29. Qc3 Qg7 30. Bf4 Rc8 31. Be3 Kg8 32. Bd4 Rf8 33. Rxe4
dxe4 34. Qxc4+ Qf7 35. Qxf7+ Rxf7 36. Bxb2 f5 37. Rd1 h6 38. Rd8+ Kh7 39. Rh8#
1-0

[Event "Eesti U10 (n)"]
[Site "Narva"]
[Date "2019.06.01"]
[Round "3.4"]
[White "Kuzmina, Oleksandra"]
[Black "Karba, Kertu"]
[Result "0-1"]
[WhiteElo "1180"]
[BlackElo "1191"]
[PlyCount "36"]
[EventDate "2019.05.31"]
[EventRounds "7"]
[EventCountry "EST"]
[SourceVersionDate "2019.11.26"]

1. d4 Nf6 2. c4 c5 3. dxc5 e5 4. b4 a5 5. Qa4 Nc6 6. b5 Nd4 7. e3 Ne6 8. Nf3 e4
9. Nfd2 Nxc5 10. Qc2 g6 11. Bb2 Bg7 12. Bd4 d6 13. Bxc5 dxc5 14. Nc3 O-O 15.
Rd1 Bf5 16. Ndxe4 Qe7 17. Nxf6+ Qxf6 18. e4 Qxc3+ 0-1

[Event "Eesti U10 (n)"]
[Site "Narva"]
[Date "2019.06.02"]
[Round "7.1"]
[White "Pritulina, Nadezhda"]
[Black "Rudiger, Maria Helena"]
[Result "1-0"]
[WhiteElo "1291"]
[BlackElo "1000"]
[PlyCount "75"]
[EventDate "2019.05.31"]
[EventRounds "7"]
[EventCountry "EST"]
[SourceVersionDate "2019.11.26"]

1. e4 c5 2. Nc3 e6 3. Nf3 d6 4. d4 cxd4 5. Nxd4 a6 6. Be3 b5 7. f4 Bb7 8. g3
Nd7 9. Bg2 Ngf6 10. O-O Be7 11. Bf2 O-O 12. f5 Qc7 13. fxe6 Nb6 14. exf7+ Rxf7
15. Ne6 Qc6 16. Qd4 Nc4 17. b3 Na3 18. Qd3 Nh5 19. Bf3 b4 20. Bxh5 Rf5 21. Nd4
Rxh5 22. Nxc6 Bxc6 23. Nd5 Bxd5 24. exd5 Bf6 25. Rae1 Rc8 26. Qxa6 Rxc2 27.
Qxd6 Rh6 28. Qxb4 Bc3 29. Qb8+ Kf7 30. Bd4+ Rf2 31. Rxf2+ Kg6 32. Re6+ Kh5 33.
Qe5+ g5 34. Rxh6+ Kxh6 35. Qg7+ Kh5 36. Qxh7+ Kg4 37. Kg2 Bxd4 38. h3# 1-0

[Event "Eesti U10 (n)"]
[Site "Narva"]
[Date "2019.06.02"]
[Round "7.3"]
[White "Protassova, Evelina"]
[Black "Karba, Kertu"]
[Result "0-1"]
[WhiteElo "1113"]
[BlackElo "1191"]
[PlyCount "122"]
[EventDate "2019.05.31"]
[EventRounds "7"]
[EventCountry "EST"]
[SourceVersionDate "2019.11.26"]

1. d4 Nf6 2. c4 c5 3. Nf3 cxd4 4. Nxd4 e5 5. Nf3 Nc6 6. Bg5 h6 7. Bh4 e4 8.
Nfd2 Be7 9. Bxf6 Bxf6 10. Qc2 Nb4 11. Qc1 Qe7 12. a3 Nc6 13. e3 O-O 14. Nc3 Na5
15. Ncxe4 b6 16. Nxf6+ Qxf6 17. b3 Ba6 18. Be2 Rac8 19. O-O d5 20. Bg4 Rc7 21.
h3 dxc4 22. bxc4 Bxc4 23. Rd1 Qe7 24. Nxc4 Nb3 25. Qc2 Nxa1 26. Rxa1 b5 27. a4
Rxc4 28. Qe2 Rxa4 29. Rb1 b4 30. Qc4 Rb8 31. Bd1 Ra5 32. Bg4 Rab5 33. Be2 R5b6
34. Bd3 Qf8 35. Qe4 g6 36. h4 Qg7 37. Qc4 a5 38. Bc2 Qc3 39. Qe4 b3 40. Rxb3
Rxb3 41. h5 R3b6 42. hxg6 Rxg6 43. Qf4 Rf8 44. Bxg6 fxg6 45. Qxh6 Qg7 46. Qg5
a4 47. Qd5+ Rf7 48. Qd8+ Qf8 49. Qg5 Kg7 50. Qe5+ Rf6 51. Qc7+ Qf7 52. Qc2 a3
53. Qc1 a2 54. Qb2 Qa7 55. Qe5 a1=Q+ 56. Qxa1 Qxa1+ 57. Kh2 Qe5+ 58. g3 Rf5 59.
Kg2 Qe4+ 60. f3 Qxf3+ 61. Kh3 Rh5# 0-1

[Event "Eesti U10 (n)"]
[Site "Narva"]
[Date "2019.06.01"]
[Round "4.1"]
[White "Karba, Kertu"]
[Black "Rüdiger, Maria Helena"]
[Result "1/2-1/2"]
[WhiteElo "1191"]
[BlackElo "1000"]
[PlyCount "135"]
[EventDate "2019.05.31"]
[EventRounds "7"]
[EventCountry "EST"]
[SourceVersionDate "2019.11.26"]

1. e4 c5 2. Nf3 e6 3. Nc3 d6 4. Ne2 a6 5. c3 b5 6. d4 cxd4 7. Nexd4 Qd7 8. Be2
Nc6 9. O-O Nf6 10. h3 Be7 11. Nh2 O-O 12. Be3 Nxe4 13. Bf3 d5 14. a3 Qc7 15.
Qc2 Bd6 16. g3 Nf6 17. Bg2 Nxd4 18. Bxd4 e5 19. Be3 b4 20. axb4 Bxb4 21. Bd2
Bb7 22. Rac1 d4 23. Bxb7 Qxb7 24. cxb4 Rac8 25. Qb1 Ne4 26. Be1 Nd6 27. Ng4
Rfe8 28. Rc5 Rxc5 29. bxc5 Ne4 30. b4 Nxc5 31. Bd2 Ne4 32. Qb2 a5 33. Nh2 Nxd2
34. Qxd2 axb4 35. Rb1 Rb8 36. Ng4 f6 37. Qa2+ Qf7 38. Qxf7+ Kxf7 39. Kf1 Ke6
40. f4 d3 41. fxe5 fxe5 42. Ke1 e4 43. Kd2 Kd5 44. Ne3+ Kd4 45. Nf5+ Ke5 46.
Nxg7 Rg8 47. Nh5 Kd4 48. Rxb4+ Ke5 49. Nf4 Rxg3 50. Nh5 Rxh3 51. Ng7 Rh2+ 52.
Kc3 d2 53. Rb1 e3 54. Kd3 Kf4 55. Ne6+ Kf5 56. Nd4+ Kg4 57. Kxe3 Kg3 58. Ne2+
Kg4 59. Kxd2 Kf3 60. Re1 Rf2 61. Kd1 h5 62. Rh1 Rxe2 63. Rxh5 Ra2 64. Rh3+ Kg4
65. Rb3 Kf4 66. Kc1 Rh2 67. Rb2 Rxb2 68. Kxb2 1/2-1/2

[Event "Eesti U10 (n)"]
[Site "Narva"]
[Date "2019.06.01"]
[Round "4.2"]
[White "Haapsal, Maria Ioanna"]
[Black "Pritulina, Nadezhda"]
[Result "1/2-1/2"]
[WhiteElo "1492"]
[BlackElo "1291"]
[PlyCount "37"]
[EventDate "2019.05.31"]
[EventRounds "7"]
[EventCountry "EST"]
[SourceVersionDate "2019.11.26"]

1. e4 c5 2. Nf3 Nc6 3. Bb5 a6 4. Bxc6 bxc6 5. d4 cxd4 6. Nxd4 e6 7. O-O g6 8.
Nc3 Bg7 9. Be3 Nf6 10. Qd2 O-O 11. Bg5 Qc7 12. Rfe1 d5 13. exd5 Nxd5 14. Nxd5
cxd5 15. c3 f6 16. Be3 e5 17. Nb3 Be6 18. Rad1 Bf7 19. Nc5 1/2-1/2

[Event "Eesti U10 (n)"]
[Site "Narva"]
[Date "2019.06.01"]
[Round "4"]
[White "Protassova, Evelina"]
[Black "Rodina, Alisa"]
[Result "0-1"]
[WhiteElo "1113"]
[BlackElo "1233"]
[PlyCount "40"]
[EventDate "2019.05.31"]
[EventRounds "7"]
[EventCountry "EST"]
[SourceVersionDate "2019.11.26"]

1. d4 d5 2. c4 Nf6 3. Nc3 Be6 4. Bg5 g6 5. Bxf6 exf6 6. Nf3 Bg7 7. e3 O-O 8.
Bd3 Nc6 9. O-O f5 10. Qe2 Na5 11. b3 Qd6 12. Nb5 Qd7 13. Ng5 a6 14. Nxe6 axb5
15. Nxf8 Rxf8 16. cxb5 Re8 17. Qd2 f4 18. Qxa5 f3 19. g3 Qh3 20. Be2 Qg2# 0-1

[Event "Eesti U10 (n)"]
[Site "Narva"]
[Date "2019.06.01"]
[Round "5.1"]
[White "Rodina, Alisa"]
[Black "Rüdiger, Maria Helena"]
[Result "0-1"]
[WhiteElo "1233"]
[BlackElo "1000"]
[PlyCount "66"]
[EventDate "2019.05.31"]
[EventRounds "7"]
[EventCountry "EST"]
[SourceVersionDate "2019.11.26"]

1. e4 c5 2. Nf3 e6 3. Bc4 a6 4. Nc3 b5 5. Be2 Bb7 6. d4 cxd4 7. Nxd4 d6 8. O-O
Nf6 9. Bf3 d5 10. exd5 exd5 11. Re1+ Be7 12. Nf5 Nc6 13. Bxd5 Nxd5 14. Nxd5 Rc8
15. Nfxe7 Nxe7 16. Nxe7 Qxd1 17. Rxd1 Rxc2 18. Nf5 O-O 19. Rd2 Rc5 20. Nd6 Bc6
21. Rd4 Rd8 22. Nb7 Rxd4 23. Be3 Rcd5 24. Bxd4 Rxd4 25. Na5 Bd7 26. Rc1 Be6 27.
g3 h6 28. b3 Bd5 29. Nc6 Rd2 30. Nb4 Bb7 31. h3 a5 32. Rc2 Rd1+ 33. Kh2 Rh1#
0-1

[Event "Eesti U10 (n)"]
[Site "Narva"]
[Date "2019.06.01"]
[Round "5.3"]
[White "Karba, Kertu"]
[Black "Haapsal, Maria Ioanna"]
[Result "0-1"]
[WhiteElo "1191"]
[BlackElo "1492"]
[PlyCount "112"]
[EventDate "2019.05.31"]
[EventRounds "7"]
[EventCountry "EST"]
[SourceVersionDate "2019.11.26"]

1. e4 c5 2. Nf3 e6 3. c3 Nc6 4. Be2 Be7 5. O-O d6 6. d4 d5 7. exd5 exd5 8. dxc5
Bxc5 9. h3 Nf6 10. Nh2 Be6 11. Bf4 O-O 12. b4 Be7 13. a4 a6 14. b5 axb5 15. Nd2
bxa4 16. Rxa4 Qd7 17. c4 dxc4 18. Bxc4 Bxc4 19. Rxa8 Rxa8 20. Nxc4 Qxd1 21.
Rxd1 h6 22. Bd6 Rd8 23. Na5 Nxa5 24. Ra1 Bxd6 25. Rxa5 Bxh2+ 26. Kxh2 Rd7 27.
Ra8+ Kh7 28. Rb8 Nd5 29. g4 b6 30. f3 Kg6 31. Kg3 f6 32. h4 Kf7 33. f4 Ke7 34.
g5 hxg5 35. hxg5 Rd8 36. gxf6+ gxf6 37. Rxd8 Kxd8 38. f5 b5 39. Kf2 b4 40. Ke2
Kd7 41. Kd2 b3 42. Kc1 Kd6 43. Kb2 Ne3 44. Kxb3 Nxf5 45. Kc3 Ke5 46. Kd3 Nd6
47. Ke3 f5 48. Kf3 f4 49. Kg4 Ke4 50. Kg5 f3 51. Kf6 f2 52. Ke6 f1=Q 53. Kxd6
Qb5 54. Kc7 Kd5 55. Kc8 Kd6 56. Kd8 Qb8# 0-1

[Event "Eesti U10 (n)"]
[Site "Narva"]
[Date "2019.06.01"]
[Round "5.3"]
[White "Pritulina, Nadezhda"]
[Black "Orlova, Sofia"]
[Result "1-0"]
[WhiteElo "1291"]
[BlackElo "1283"]
[PlyCount "89"]
[EventDate "2019.05.31"]
[EventRounds "7"]
[EventCountry "EST"]
[SourceVersionDate "2019.11.26"]

1. e4 d5 2. exd5 Qxd5 3. Nc3 Qa5 4. d4 Nf6 5. Bd2 c6 6. g3 Bf5 7. Bg2 e6 8.
Nge2 Nbd7 9. O-O O-O-O 10. a3 Qc7 11. b4 h6 12. Rb1 g5 13. a4 Rg8 14. Qc1 h5
15. Bxg5 Be7 16. b5 cxb5 17. Nxb5 Qb8 18. Qd2 Ne4 19. Bxe4 Bxg5 20. Qc3+ Nc5
21. Qxc5+ Kd7 22. Bxf5 exf5 23. Qxf5+ Ke8 24. Qe5+ Qxe5 25. dxe5 a6 26. Nd6+
Kf8 27. Rxb7 Rg7 28. f4 Be7 29. Rb6 Bxd6 30. Rxd6 Rc8 31. c3 a5 32. Rc1 h4 33.
Kg2 hxg3 34. hxg3 Ke7 35. c4 Rb8 36. c5 Rb2 37. Kf3 Ra2 38. Rc4 Rg8 39. c6 Rc8
40. c7 Ra1 41. Nd4 Ra3+ 42. Kg2 Ra1 43. Nc6+ Ke8 44. Rd8+ Rxd8 45. cxd8=Q# 1-0

[Event "Eesti U10 (n)"]
[Site "Narva"]
[Date "2019.06.02"]
[Round "6.1"]
[White "Rüdiger, Maria Helena"]
[Black "Haapsal, Maria Ioanna"]
[Result "0-1"]
[WhiteElo "1000"]
[BlackElo "1492"]
[PlyCount "86"]
[EventDate "2019.05.31"]
[EventRounds "7"]
[EventCountry "EST"]
[SourceVersionDate "2019.11.26"]

1. e4 c5 2. Nf3 e6 3. d4 cxd4 4. Nxd4 Nc6 5. Be3 Nf6 6. Bd3 d5 7. f3 Be7 8. a3
O-O 9. Nc3 Nxd4 10. Bxd4 dxe4 11. Bxe4 Nxe4 12. Nxe4 b6 13. O-O Bb7 14. c3 Qc7
15. g3 Rad8 16. Qd3 e5 17. h4 exd4 18. Ng5 Qxg3+ 19. Kh1 Qxh4+ 20. Kg2 Qxg5+
21. Kf2 Qe3+ 22. Qxe3 dxe3+ 23. Kxe3 Bc5+ 24. Kf4 f6 25. b4 Bd6+ 26. Ke3 Rfe8+
27. Kf2 Be5 28. Rfe1 Bxc3 29. Rxe8+ Rxe8 30. Rc1 Be5 31. Re1 Bg3+ 32. Kxg3 Rxe1
33. Kf2 Ra1 34. a4 Bxf3 35. Kxf3 Rxa4 36. Ke3 h5 37. Kf3 g5 38. Kg3 h4+ 39. Kh2
g4 40. Kh1 g3 41. Kg2 f5 42. Kg1 h3 43. Kh1 Ra1# 0-1

[Event "Eesti U10 (n)"]
[Site "Narva"]
[Date "2019.06.02"]
[Round "6.2"]
[White "Rodina, Alisa"]
[Black "Pritulina, Nadezhda"]
[Result "0-1"]
[WhiteElo "1233"]
[BlackElo "1291"]
[PlyCount "108"]
[EventDate "2019.05.31"]
[EventRounds "7"]
[EventCountry "EST"]
[SourceVersionDate "2019.11.26"]

1. e4 c5 2. Nf3 Nc6 3. d4 cxd4 4. Nxd4 a6 5. Nc3 g6 6. Be3 Bg7 7. Qd2 b5 8. Be2
e6 9. O-O Nge7 10. Bf3 Bb7 11. a4 b4 12. Nce2 O-O 13. h3 a5 14. c3 bxc3 15.
bxc3 Ne5 16. Ng3 d5 17. exd5 Bxd5 18. Bxd5 Nxd5 19. Ra3 Nc4 20. Qc1 Nxa3 21.
Qxa3 Qc7 22. Nge2 Rac8 23. Nb5 Qc4 24. Nd6 Qxe2 25. Nxc8 Rxc8 26. Bd4 Nxc3 27.
Bxg7 Kxg7 28. Qa1 Kg8 29. Rc1 Qd2 30. Kh2 Rc5 31. Qa3 Qd4 32. f3 Nxa4 33. Rxc5
Nxc5 34. Qxa5 Qd6+ 35. g3 Kg7 36. Qa1+ e5 37. f4 Qd4 38. Qxd4 exd4 39. Kg2 d3
40. Kf2 Kf6 41. Ke3 Ke6 42. Kd4 d2 43. Kxc5 d1=Q 44. Kc4 Qd2 45. g4 Qxf4+ 46.
Kb5 g5 47. Kb6 Qc4 48. Kb7 Qc5 49. Kb8 Qe7 50. h4 h6 51. hxg5 hxg5 52. Kc8 Kd6
53. Kb8 Kc6 54. Ka8 Qb7# 0-1

[Event "Eesti U10 (n)"]
[Site "Narva"]
[Date "2019.06.02"]
[Round "6.2"]
[White "Orlova, Sofia"]
[Black "Karba, Kertu"]
[Result "0-1"]
[WhiteElo "1283"]
[BlackElo "1191"]
[PlyCount "152"]
[EventDate "2019.05.31"]
[EventRounds "7"]
[EventCountry "EST"]
[SourceVersionDate "2019.11.26"]

1. d4 Nf6 2. c4 c5 3. d5 b5 4. cxb5 a6 5. bxa6 d6 6. Nc3 Bxa6 7. g3 g6 8. Bg2
Bg7 9. e4 O-O 10. Nge2 Nbd7 11. O-O Ng4 12. Re1 Nge5 13. b3 Nd3 14. Rf1 Qa5 15.
Qc2 Rfb8 16. Bf3 Rb7 17. Bd2 Nb4 18. Qd1 Qc7 19. Rb1 Nd3 20. Na4 Bb5 21. Nac3
Nb4 22. Nxb5 Rxb5 23. Bxb4 Rxb4 24. a4 Ne5 25. Bg2 c4 26. Qc2 Qd7 27. Qd2 Rxb3
28. Rxb3 cxb3 29. Rb1 Nc4 30. Qb4 Rxa4 31. Qb8+ Bf8 32. Rxb3 Qa7 33. Qxa7 Rxa7
34. Bh3 Nd2 35. Re3 Bh6 36. f4 Ra4 37. Bg2 g5 38. Kf2 gxf4 39. gxf4 e5 40. Ke1
exf4 41. Rh3 f3 42. Bxf3 Nxf3+ 43. Rxf3 Rxe4 44. Rf6 Bf8 45. Kf2 Kg7 46. Rf3 f6
47. Rh3 h6 48. Kf3 Rc4 49. Rh5 Kg6 50. Nf4+ Rxf4+ 51. Kxf4 Kxh5 52. Kf5 Kh4 53.
Kxf6 Kg4 54. Kg6 Kf4 55. Kf6 Ke4 56. Ke6 h5 57. Kf7 Kxd5 58. Kxf8 Kc4 59. Kg7
d5 60. Kg6 d4 61. Kxh5 d3 62. Kg5 d2 63. h4 d1=Q 64. h5 Qg1+ 65. Kf5 Qg7 66.
Kf4 Kd5 67. Ke3 Qg5+ 68. Kf3 Qxh5+ 69. Ke3 Qg4 70. Kd3 Qe4+ 71. Kc3 Qd4+ 72.
Kb3 Qc4+ 73. Ka3 Qb5 74. Ka2 Kc4 75. Ka1 Kc3 76. Ka2 Qb2# 0-1

[Event "EST ch U14 2019"]
[Site "Tallinn"]
[Date "2019.04.18"]
[Round "1.1"]
[White "Shnurov, Daniil"]
[Black "Protassov, Vlad"]
[Result "0-1"]
[WhiteElo "1647"]
[BlackElo "2036"]
[PlyCount "66"]
[EventDate "2019.04.18"]
[EventType "swiss"]
[EventRounds "4"]
[EventCountry "EST"]

1. e4 c6 2. d4 d5 3. Nc3 dxe4 4. Nxe4 Nf6 5. Nxf6+ exf6 6. Nf3 Bd6 7. Bd3 O-O
8. O-O Re8 9. h3 Qc7 10. b3 a5 11. c4 c5 12. Bb2 h6 13. a3 Nc6 14. Qc2 Bd7 15.
dxc5 Bxc5 16. Rad1 Rad8 17. Rfe1 Bxh3 18. Kh1 Bg4 19. Rxe8+ Rxe8 20. Re1 Rxe1+
21. Nxe1 Qe7 22. Bc3 Bxa3 23. f3 Bd7 24. Qf2 Bc5 25. Qg3 Qe3 26. Qh2 Ne5 27.
Bxa5 Nxd3 28. Nxd3 Qxd3 29. Qb8+ Kh7 30. Qxb7 Qf1+ 31. Kh2 Bd6+ 32. g3 Qh3+ 33.
Kg1 Bc5# 0-1

[Event "EST ch U14 2019"]
[Site "Tallinn"]
[Date "2019.04.18"]
[Round "1.2"]
[White "Andrijashkin, Deniss"]
[Black "Kull, Tormi"]
[Result "1-0"]
[WhiteElo "1957"]
[BlackElo "1623"]
[PlyCount "83"]
[EventDate "2019.04.18"]
[EventType "swiss"]
[EventRounds "4"]
[EventCountry "EST"]

1. Nf3 d5 2. g3 Nf6 3. Bg2 e6 4. O-O c5 5. d3 Be7 6. Nbd2 O-O 7. e4 Nc6 8. e5
Nd7 9. Re1 f6 10. exf6 Nxf6 11. Bh3 Qd6 12. Qe2 e5 13. Bxc8 Raxc8 14. Nxe5 Nd4
15. Qd1 Nd7 16. Nxd7 Qxd7 17. c3 Nc6 18. f4 d4 19. c4 Rf6 20. Ne4 Rg6 21. Bd2
Rf8 22. Nf2 Rf5 23. Qe2 Rh6 24. g4 Rg6 25. Kh1 Rf8 26. Qe4 Bh4 27. f5 Rgf6 28.
Re2 h6 29. Qd5+ Qxd5+ 30. cxd5 Rd6 31. dxc6 Rxc6 32. Ne4 c4 33. dxc4 Rxc4 34.
Rc1 Rfc8 35. Rxc4 Rxc4 36. Nd6 Rc2 37. Re8+ Kh7 38. Nf7 g6 39. Bxh6 Bf6 40. g5
Rc1+ 41. Kg2 Rc2+ 42. Kf3 1-0

[Event "EST ch U14 2019"]
[Site "Tallinn"]
[Date "2019.04.18"]
[Round "1.3"]
[White "Levchenko, Marina"]
[Black "Pedmanson, Albert"]
[Result "1-0"]
[WhiteElo "1616"]
[BlackElo "1956"]
[Annotator "Dell"]
[PlyCount "126"]
[EventDate "2019.04.18"]
[EventType "swiss"]
[EventRounds "4"]
[EventCountry "EST"]

1. c4 e5 2. Nc3 Nf6 3. Nf3 Nc6 4. g3 Bc5 5. Bg2 d6 6. O-O O-O 7. d3 h6 8. a3 a5
9. Nb5 Be6 10. b3 Qd7 11. d4 exd4 12. Nfxd4 Nxd4 13. Nxd4 Bg4 14. Bb2 Bh3 15.
Nf3 (15. Bxb7 $5 Bxf1 16. Bxa8 Bxe2 $2 (16... Rxa8 17. Qxf1 Rb8 18. Qd1 Qh3 19.
f3) 17. Nxe2 $1 Rxa8 18. Bxf6 gxf6) 15... Bxg2 16. Kxg2 Qe6 17. Bd4 Bxd4 18.
Nxd4 Qe4+ 19. Nf3 Rfe8 20. Re1 Rad8 21. Qd4 Qc6 22. Rad1 Re4 23. Qb2 Rde8 24.
Kg1 Qb6 25. Nd4 a4 26. b4 c5 27. Nb5 R8e6 28. Rc1 cxb4 29. axb4 Ng4 (29... d5
30. cxd5 (30. Nc3 Rxc4 31. Nxa4 Qxb4 32. Qxb4 Rxb4 33. Nc5 Re7 $15) 30... Nxd5)
30. e3 Ne5 31. Qe2 Rf6 $2 32. f4 Nc6 33. Nc3 $1 Rfe6 34. Nxe4 Rxe4 35. Qd3 Re6
36. b5 Ne7 37. Ra1 Qa7 38. Qa3 Qb6 39. Qd3 Qa7 40. Qd4 Qa5 41. c5 dxc5 42. Qxc5
g6 43. Qc4 Qb6 44. Qd4 Qxb5 45. Qxa4 Qf5 46. Qa8+ Kg7 47. Qxb7 Nd5 48. Ra5 Rd6
49. e4 Qe6 50. Rxd5 Rb6 51. Qd7 Qf6 52. Rdd1 Rb4 53. Qd6 Qc3 54. Qe5+ Qxe5 55.
fxe5 h5 56. Rd7 Kh6 57. h4 Rb3 58. Kh2 g5 59. Rxf7 Rb2+ 60. Kg1 Rb3 61. Kf2
Rb2+ 62. Re2 Rb1 63. Rc2 gxh4 1-0

[Event "EST ch U14 2019"]
[Site "Tallinn"]
[Date "2019.04.18"]
[Round "1.4"]
[White "Nikitin, Arseni"]
[Black "Raide, Sivert"]
[Result "1-0"]
[WhiteElo "1873"]
[BlackElo "1584"]
[Annotator "Dell"]
[PlyCount "79"]
[EventDate "2019.04.18"]
[EventType "swiss"]
[EventRounds "4"]
[EventCountry "EST"]

1. e4 e6 2. d4 d5 3. Nc3 Nf6 4. Bg5 Be7 5. e5 Nfd7 6. h4 h6 7. Bxe7 Qxe7 8. f4
Nb6 9. Nf3 c5 10. Qd2 (10. Nb5) 10... a6 11. a4 $6 Bd7 12. a5 Nc8 13. Be2 Nc6
14. Nd1 c4 (14... cxd4 15. Nxd4 Nxd4 16. Qxd4 Na7 $15) 15. Ne3 b5 16. axb6 Nxb6
17. O-O Nb4 18. g3 O-O 19. Nh2 g6 $4 20. Nhg4 h5 21. Nf6+ Kg7 22. f5 $1 exf5
23. Bxh5 (23. Rxf5 $1 Rh8 (23... gxf5 24. Nexd5 N4xd5 25. Qg5+ Kh8 26. Qh6#)
24. Rg5 $18 {[%cal Re2h5,Ra1f1]}) 23... Be6 (23... Nc6 24. Nxf5+ Bxf5 25. Rxf5
Nd8 26. Bxg6 fxg6 {Valgel on palju võidukäike. Teiste hulgas on originaalseim
} 27. Rh5 $1 gxh5 28. Qg5+ Kf7 29. Qxh5+ Ke6 30. Qg4+ Kf7 31. Rf1 Qe6 32. Nxd5+
Ke8 33. Nc7+ Kd7 34. Nxe6 $18) 24. Nxf5+ Bxf5 25. Rxf5 Rh8 26. Rg5 Rh6 27. Bg4
Rah8 28. Rf1 Nc6 29. Qf2 Nd8 30. Bd1 Ne6 31. Rg4 Nd8 32. Rf4 Ne6 $2 33. Nh5+
Kg8 34. Rxf7 Qd8 35. Ng7 Rxh4 36. gxh4 Qxh4 37. Qxh4 Rxh4 38. Nxe6 Nd7 39. Rxd7
Rg4+ 40. Bxg4 1-0